Altre storie : la critica femminista alla storia /
I tiakina i:
| Ētahi atu kaituhi: | , |
|---|---|
| Hōputu: | Pukapuka |
| Reo: | Itāriana |
| I whakaputaina: |
Bologna :
CLUEB,
\1996!
|
| Rangatū: | Ghenos
|
| Ngā marau: | |
| Ngā Tūtohu: |
Kāore He Tūtohu, Me noho koe te mea tuatahi ki te tūtohu i tēnei pūkete!
|
MARC
| LEADER | 00000nam a2200000 i 4500 | ||
|---|---|---|---|
| 001 | IT\ICCU\IEI\0099511 | ||
| 003 | ItRI | ||
| 005 | 20260216223219.0 | ||
| 008 | 960503s1996 it |||||| ||||| |||||c | ||
| 015 | |2 IT |a 97-4207 | ||
| 020 | |a 8880913042 | ||
| 040 | |b ita |c Arcigay Verona | ||
| 041 | 7 | |a ita |2 ISO-639-2 | |
| 082 | |a 305.420722 |2 20 | ||
| 082 | |a 305.4209034 |2 20 | ||
| 245 | 0 | 0 | |a Altre storie : |b la critica femminista alla storia / |c a cura di Paola Di Cori ; con saggi di N. Z. Davis ... /et al.!. |
| 260 | |a Bologna : |b CLUEB, |c \1996! | ||
| 300 | |a 428 p. : |b ill. ; |c 19 cm | ||
| 500 | |a Segue: Appendice bibliografica. | ||
| 650 | 7 | |a Donna |x Posizione sociale |x Storiografia |2 scbi | |
| 700 | 1 | |a Davis, Natalie Zemon |0 IT\ICCU\CFIV\040683 | |
| 700 | 1 | |a Di Cori, Paola |0 IT\ICCU\RAVV\084972 | |
| 830 | 0 | |a Ghenos |0 IT\ICCU\MIL\0191515 | |
| 942 | |2 ddc |c BK |n 0 | ||
| 952 | |0 0 |1 0 |4 0 |6 305_420000000000000_DIC_ALT |7 0 |9 32989 |a VR |b VR |d 2026-02-16 |i 68 |l 0 |o 305.42 DIC ALT |p OBE-68 |r 2026-02-16 15:28:37 |w 2026-02-16 |y BK | ||
| 999 | |c 28659 |d 28659 | ||